000 01042nam a22002777a 4500
005 20131029110943.0
010 _aENG-104514
020 _a9789350248300
_c650.00
035 _aEN-88047
035 _aB-519618-624
035 _aB-495455-458
037 _bMallika Books/Ven
037 _bHPH/Ven
_adpl
082 _a920
245 0 0 _aDr. Rajendra Prasad /
_c edited by M.A.Khan [and] N.P.Sharma
260 _aNew Delhi
_bHimalaya Books
_c2011
270 _a"Pooja Apartments", 4-B, Murari Lal Street, Ansari Road, Darya Ganj,
_bNew Delhi
_e110002
300 _a356p.
_c22cm (Hb)
490 _aBiographies ; edited by M.H. Syed
500 _aIncludes bibliographical references and index
700 _aKhan, M.A.
_937600
700 _aSharma, N.P.
_937601
942 _2ddc
_cEN
_mPRA
_h920
999 _c59985
_d59985